<?xml version="1.0" encoding="UTF-8"?>
<collection xmlns:xsi="http://www.w3.org/2001/XMLSchema-instance" xsi:schemaLocation="http://www.loc.gov/MARC21/slim http://www.loc.gov/standards/marcxml/schema/MARC21slim.xsd" xmlns="http://www.loc.gov/MARC21/slim">
 <record>
  <leader>00000cmm a22000004a 4500</leader>
  <controlfield tag="001">UP-99796217611212658</controlfield>
  <controlfield tag="003">Buklod</controlfield>
  <controlfield tag="005">20241014091217.0</controlfield>
  <controlfield tag="006">m    go  j        </controlfield>
  <controlfield tag="007">cr |n |||auu|a</controlfield>
  <controlfield tag="008">241014s2011    au      o  j |      eng d</controlfield>
  <datafield tag="020" ind1=" " ind2=" ">
   <subfield code="a">9783211992258 (eBook)</subfield>
  </datafield>
  <datafield tag="035" ind1=" " ind2=" ">
   <subfield code="a">(iLib)UPD-00215704474</subfield>
  </datafield>
  <datafield tag="040" ind1=" " ind2=" ">
   <subfield code="a">DML</subfield>
   <subfield code="b">eng</subfield>
   <subfield code="e">rda</subfield>
  </datafield>
  <datafield tag="041" ind1=" " ind2=" ">
   <subfield code="a">eng</subfield>
  </datafield>
  <datafield tag="042" ind1=" " ind2=" ">
   <subfield code="a">DMLUC</subfield>
  </datafield>
  <datafield tag="084" ind1=" " ind2=" ">
   <subfield code="a">RL 97</subfield>
   <subfield code="b">A98 2011eb</subfield>
  </datafield>
  <datafield tag="245" ind1="0" ind2="0">
   <subfield code="a">Autoimmune diseases of the skin</subfield>
   <subfield code="b">pathogenesis, diagnosis, management</subfield>
   <subfield code="h">[electronic resource]</subfield>
   <subfield code="c">edited by Michael Hertl.</subfield>
  </datafield>
  <datafield tag="250" ind1=" " ind2=" ">
   <subfield code="a">Third revised and enlarged edition.</subfield>
  </datafield>
  <datafield tag="264" ind1=" " ind2="1">
   <subfield code="a">Vienna, Austria</subfield>
   <subfield code="b">Springer Vienna</subfield>
   <subfield code="c">2011.</subfield>
  </datafield>
  <datafield tag="300" ind1=" " ind2=" ">
   <subfield code="a">1 online resource.</subfield>
  </datafield>
  <datafield tag="336" ind1=" " ind2=" ">
   <subfield code="a">text</subfield>
   <subfield code="2">rdacontent</subfield>
  </datafield>
  <datafield tag="337" ind1=" " ind2=" ">
   <subfield code="a">computer</subfield>
   <subfield code="2">rdamedia</subfield>
  </datafield>
  <datafield tag="338" ind1=" " ind2=" ">
   <subfield code="a">online resource</subfield>
   <subfield code="2">rdacarrier</subfield>
  </datafield>
  <datafield tag="500" ind1=" " ind2=" ">
   <subfield code="a">Previous edition: 2005.</subfield>
  </datafield>
  <datafield tag="505" ind1="0" ind2=" ">
   <subfield code="a">Pathogenesis of autoimmune diseases / Martin Rèocken and Tilo Biedermann -- Autoantibody detection using indirect immunofluorescence on HEp-2 cells / Philipp von Landenberg -- Pemphigus / Michael Hertl and Rèudiger Eming -- Bullous pemphigoid : clinical features, diagnostic markers, and immunopathogenic mechanisms / Giovanni Di Zenzo ... [et al.] -- Dermatitis herpetiformis duhring / Christian Rose and Detlef Zillikens -- Epidermolysis bullosa acquisita / Gene Kim ... [et al.] -- Localized scleroderma / Cristiâan Vera Kellet, Catherine H. Orteu, and Jan P. Dutz -- Progressive systemic scleroderm / Nicolas Hunzelmann and Thomas Krieg -- Chronic cutaneous lupus erythematosus / Michael Sticherling -- Subacute cutaneous and systemic lupus erythematosus / Donna M. Pellowski, Jane E. Kihslinger, and Richard D. Sontheimer -- Dermatomyositis / Ruth Ann Vleugels and Jeffrey P. Callen -- Mixed connective tissue disease / Reiji Kasukawa -- Sjèogren's Syndrome / Robert I. Fox and Carla M. Fox -- Psoriasis vulgaris and arthopathica / Arnd Jacobi and Jèorg Christoph Prinz -- Chronic urticaria as an autoimmune disease / Clive Grattan, Michihiro Hide, and Malcolm W. Greaves -- Lichen planus, lichenoid eruptions and cutaneous grant-versus-host-reaction / Miklâos Simon, Jr. -- Small vessel vasculitides / Peter Lamprecht and Wolfgang L. Gross -- Skin manifestations of rheumatic diseases / Camille Francâes and Nicolas Kluger -- Vitiligo / Karin U. Schallreuter -- Alopecia areata / Pia Freyschmidt-Paul, Kevin McElwee, and Rolf Hoffmann -- Autoimmune phenomena in atopic dermatitis / Caroline Bussmann and Natalija Novak -- Eosinophils in autoimmune bullous diseases / Dagmar Simon and Hans-Uwe Simon -- Paraneoplastic syndromes of the skin / Peter Fritsch -- Targeted therapies in autoimmune and inflammatory skin disorders / Rèudiger Eming and Ingo H.</subfield>
  </datafield>
  <datafield tag="506" ind1=" " ind2=" ">
   <subfield code="a">IP-based subscription, access limited to within on-campus network.</subfield>
   <subfield code="c">Access via Electronic Resources of the UPD University Library W</subfield>
  </datafield>
  <datafield tag="520" ind1=" " ind2=" ">
   <subfield code="a">Autoimmune disorders of the skin remain an enigma for many clinicians and scientists not familiar with these mostly severe and chronic diseases. The book provides an overview and the latest information on the broad spectrum of cutaneous autoimmune disorders for clinicians, scientists and practitioners in dermatology, medicine, rheumatology, ENT, pediatrics and ophthalmology. The book is unique since it presents the state-of-the-art knowledge on pathophysiology, clinical diagnosis and management of these disorders provided by the world experts in the field. The primary intention is to broaden the understanding of the pathophysiology of cutaneous autoimmune disorders and to provide a practical guide to how to identify and handle these conditions. The book is illustrated with many tables, illustrative figures and clinical color photographs. The third edition has been thoroughly updated and extended by chapters on paraneoplastic cutaneous syndromes, atopic dermatitis and autoimmunity and Skin manifestations of rheumatic diseases.</subfield>
  </datafield>
  <datafield tag="650" ind1=" " ind2="0">
   <subfield code="a">Skin</subfield>
   <subfield code="x">Diseases</subfield>
   <subfield code="x">Immunological aspects.</subfield>
  </datafield>
  <datafield tag="650" ind1=" " ind2="0">
   <subfield code="a">Autoimmune diseases.</subfield>
  </datafield>
  <datafield tag="650" ind1=" " ind2="0">
   <subfield code="a">Skin diseases</subfield>
   <subfield code="x">Immunology.</subfield>
  </datafield>
  <datafield tag="700" ind1="1" ind2=" ">
   <subfield code="a">Hertl, Michael </subfield>
   <subfield code="e">editor.</subfield>
  </datafield>
  <datafield tag="856" ind1="4" ind2="0">
   <subfield code="y">Available for UP System via Springer Link.</subfield>
   <subfield code="u">https://link.springer.com/book/10.1007/978-3-211-99225-8</subfield>
  </datafield>
  <datafield tag="905" ind1=" " ind2=" ">
   <subfield code="a">FO</subfield>
  </datafield>
  <datafield tag="852" ind1="0" ind2=" ">
   <subfield code="a">UPD</subfield>
   <subfield code="b">DMLR</subfield>
   <subfield code="h">RL 97</subfield>
   <subfield code="i">A98 2011eb</subfield>
  </datafield>
  <datafield tag="942" ind1=" " ind2=" ">
   <subfield code="a">Electronic Resource</subfield>
  </datafield>
 </record>
</collection>
